| 000 | 01098nam a2200325uu 4500 | ||
|---|---|---|---|
| 999 |
_c200444440 _d62652 |
||
| 003 | TR-AnTOB | ||
| 005 | 20230719153741.0 | ||
| 007 | ta | ||
| 008 | 210616s2020 tu tur | ||
| 020 | _a9786257804066 | ||
| 040 |
_aTR-AnTOB _beng _cTR-AnTOB |
||
| 041 | _atur | ||
| 050 |
_aQ335 _b.I2619 2020 |
||
| 090 |
_aQ335 _b.I2619 2020 |
||
| 100 | 1 |
_aIansiti, Marco, _9133307 _d1961- |
|
| 245 | 1 |
_aYapay zeka çağında rekabet : _balgoritmaların ve ağların yönettiği bir dünyada strateji ve liderlik / _cMarco Iansiti ; Karim L. Lakhani, Çeviren Taner Gezer. |
|
| 264 |
_aİstanbul : _bACT Havayolları, _c2020. |
||
| 300 |
_a295 pages ; _c24 cm. |
||
| 336 |
_2rdacontent _btxt _atext |
||
| 337 |
_2rdamedia _bn _aunmediated |
||
| 338 |
_2rdacarrier _bnc _avolume |
||
| 650 | 7 |
_aYapay zeka _xEndüstriyel uygulamalar _2etuturkob _921327 |
|
| 650 | 7 |
_aRekabet _2etuturkob _913845 |
|
| 650 | 7 |
_aLiderlik _2etuturkob _96766 |
|
| 650 | 0 |
_aİş planlaması _979894 |
|
| 700 | 1 |
_9133325 _aLakhani, Karim R. |
|
| 700 | 1 |
_969691 _aGezer, Taner |
|
| 942 |
_2lcc _cBK |
||